Pushpakavimanam/ (Record no. 181789)

000 -LEADER
fixed length control field 00395nam a22001697a 4500
020 ## - INTERNATIONAL STANDARD BOOK NUMBER
ISBN 9789354829857
082 ## - DEWEY DECIMAL CLASSIFICATION NUMBER
Classification number M301
Item number JIS/P
100 ## - MAIN ENTRY--AUTHOR NAME
Personal name Jisa jose
245 ## - TITLE STATEMENT
Title Pushpakavimanam/
Statement of responsibility, etc by Jisa Jose
250 ## - EDITION STATEMENT
Edition statement 2nd ed.
260 ## - PUBLICATION, DISTRIBUTION, ETC. (IMPRINT)
Place of publication Kottayam:
Name of publisher Dc books,
Year of publication 2023.
300 ## - PHYSICAL DESCRIPTION
Number of Pages 176p.
650 ## - SUBJECT ADDED ENTRY--TOPICAL TERM
Topical Term Stories Malayalam
650 ## - SUBJECT ADDED ENTRY--TOPICAL TERM
Topical Term Literature Malayalam
650 ## - SUBJECT ADDED ENTRY--TOPICAL TERM
Topical Term Literature
942 ## - ADDED ENTRY ELEMENTS (KOHA)
Koha item type Book
Holdings
Withdrawn status Lost status Damaged status Not for loan Permanent Location Current Location Shelving location Date acquired Cost, normal purchase price Full call number Accession Number Price effective from Koha item type
        Sree Sankaracharya University of Sanskrit Sree Sankaracharya University of Sanskrit Stacks 23.05.2026 210.00 M301 JIS/P 108946 23.05.2026 Book